[Event "Araguari op"]
[Site "Araguari"]
[Date "2025.06.08"]
[Round "7"]
[White "Da Silva, Lucas Pereira Mende"]
[Black "Pimenta, Heitor Castelar Bri"]
[Result "1-0"]
[WhiteElo "2122"]
[BlackElo "2072"]
[PlyCount "23"]
[EventDate "2025.06.05"]
[EventType "swiss"]
[EventRounds "7"]
[EventCountry "BRA"]
[SourceTitle "CB26_2025"]
[SourceDate "2025.06.25"]
[SourceVersion "1"]
[SourceVersionDate "2025.06.25"]
[SourceQuality "1"]

1. e4 c5 2. Nf3 e6 3. d4 cxd4 4. Nxd4 Nc6 5. Nc3 a6 6. Be3 Qc7 7. Qf3 Nf6 8. 0-0-0 Bd6 9. Ndb5 axb5 10. Nxb5 Qa5 11. Nxd6+ Ke7 12. a3 1-0

[Event "BRA-ch Amateurs U2000"]
[Site "Sao Paulo"]
[Date "2024.06.01"]
[Round "6"]
[White "Bail, Ellen Larissa"]
[Black "Pimenta, Heitor Castelar Bri"]
[Result "1-0"]
[WhiteElo "1936"]
[BlackElo "1894"]
[PlyCount "119"]
[EventDate "2024.05.30"]
[EventType "swiss"]
[EventRounds "7"]
[EventCountry "BRA"]
[SourceTitle "CBM 220 Extra"]
[Source "ChessBase"]
[SourceDate "2024.07.31"]
[SourceVersion "1"]
[SourceVersionDate "2024.07.31"]
[SourceQuality "1"]

1. d4 Nf6 2. Nf3 e6 3. g3 b5 4. Bg2 Bb7 5. a4 b4 6. c4 c5 7. 0-0 Be7 8. Nbd2 0-0 9. Nb3 Na6 10. Bf4 Rc8 11. Rc1 cxd4 12. Nbxd4 Nc5 13. Nb5 Nfe4 14. Nxa7 Ra8 15. Nb5 Rxa4 16. Ra1 Rxa1 17. Qxa1 d5 18. Bc7 Qa8 19. cxd5 Bxd5 20. Nbd4 Qb7 21. Bf4 Ra8 22. Qb1 Bd6 23. Bxd6 Nxd6 24. Qc2 Rc8 25. Qd2 Nc4 26. Qc2 b3 27. Qc3 Ra8 28. e4 Nxe4 29. Qxb3 Qxb3 30. Nxb3 Nxb2 31. Nbd4 Nd3 32. Ne1 Nexf2 33. Bxd5 exd5 34. Rxf2 Nxe1 35. Rd2 Re8 36. Kf2 Re4 37. Ne2 Kf8 38. Kxe1 Re5 39. Kf2 Ke7 40. Nf4 Kd6 41. Nd3 Rh5 42. Ke3 f6 43. Ra2 g6 44. Ra6+ Ke7 45. Nf4 Rxh2 46. Nxd5+ Kf7 47. Rxf6+ Kg7 48. Rf2 Rh5 49. Ke4 Rh1 50. Nf4 Re1+ 51. Kd5 Rd1+ 52. Ke5 Re1+ 53. Kd6 Rd1+ 54. Ke7 h5 55. Ne6+ Kh6 56. Rf3 Ra1 57. Kf6 Ra6 58. Rb3 Ra1 59. Rb8 Kh7 60. Ng5+ 1-0

[Event "BRA-ch Amateurs U2000"]
[Site "Sao Paulo"]
[Date "2024.05.30"]
[Round "2"]
[White "Da Costa, Mariana Nara Santan"]
[Black "Pimenta, Heitor Castelar Bri"]
[Result "0-1"]
[WhiteElo "1775"]
[BlackElo "1894"]
[PlyCount "124"]
[EventDate "2024.05.30"]
[EventType "swiss"]
[EventRounds "7"]
[EventCountry "BRA"]
[SourceTitle "CBM 220 Extra"]
[Source "ChessBase"]
[SourceDate "2024.07.31"]
[SourceVersion "1"]
[SourceVersionDate "2024.07.31"]
[SourceQuality "1"]

1. d4 Nf6 2. Bg5 Ne4 3. Bf4 c5 4. c3 Qb6 5. Qb3 cxd4 6. Qxb6 axb6 7. Bxb8 Rxb8 8. cxd4 e5 9. Nd2 Nxd2 10. Kxd2 exd4 11. Nf3 Bc5 12. a3 b5 13. b4 Bb6 14. Kd3 d6 15. Nxd4 Bd7 16. g3 Ra8 17. Bg2 Bxd4 18. Kxd4 Bc6 19. Bd5 Kd7 20. Rac1 Rhc8 21. Bxc6+ bxc6 22. e4 Ra4 23. Rc3 c5+ 24. Kd5 cxb4 25. Rxc8 Kxc8 26. Rc1+ Kd7 27. axb4 Rxb4 28. Ra1 Rb2 29. Ra7+ Ke8 30. Kxd6 Rd2+ 31. Ke5 Rxf2 32. Rb7 Rxh2 33. Rb8+ Kd7 34. Rb7+ Kc6 35. Rxf7 g6 36. Kd4 Rd2+ 37. Kc3 Rd7 38. Rf8 Kd6 39. Rb8 Ke5 40. Re8+ Kf6 41. Rf8+ Kg5 42. Rf3 Kg4 43. Re3 g5 44. e5 Kf5 45. Kb4 Re7 46. Rf3+ Kxe5 47. Kxb5 Ke4 48. Rc3 Kf5 49. Kc6 Kg4 50. Kd6 Rf7 51. Ke6 Rf3 52. Rc5 h5 53. Rd5 Rxg3 54. Kf6 Kh4 55. Kg6 Re3 56. Rd1 g4 57. Rh1+ Rh3 58. Rg1 g3 59. Kf5 Rh2 60. Rf1 Rf2+ 61. Ke4 Rxf1 62. Ke3 Kh3 0-1

[Event "Araraquara op 2nd"]
[Site "Araraquara"]
[Date "2024.02.11"]
[Round "4"]
[White "Pimenta, Heitor Castelar Bri"]
[Black "Perego, Domingos Savio"]
[Result "1/2-1/2"]
[WhiteElo "1800"]
[BlackElo "1814"]
[PlyCount "66"]
[EventDate "2024.02.10"]
[EventType "swiss"]
[EventRounds "7"]
[EventCountry "BRA"]
[SourceTitle "CBM 218 Extra"]
[Source "ChessBase"]
[SourceDate "2024.03.31"]
[SourceVersion "1"]
[SourceVersionDate "2024.03.31"]
[SourceQuality "1"]

1. d4 Nf6 2. c4 Nc6 3. Nf3 e5 4. d5 e4 5. dxc6 exf3 6. cxb7 Bxb7 7. exf3 Bb4+ 8. Nd2 a5 9. Be2 a4 10. a3 Bc5 11. 0-0 0-0 12. Qc2 Re8 13. Bd3 Qe7 14. Nb1 h6 15. Nc3 Bc6 16. Bf4 d5 17. cxd5 Nxd5 18. Nxd5 Bxd5 19. Rac1 Bb6 20. Bc4 Bxc4 21. Qxc4 Qe2 22. Rc2 Qxc4 23. Rxc4 Re2 24. Bc1 Rd8 25. g3 Bd4 26. Rxc7 Bxb2 27. Bxb2 Rxb2 28. Rc4 Rd3 29. Rxa4 Ra2 30. Ra8+ Kh7 31. a4 Rxf3 32. Ra7 Kg6 33. Kg2 Rfa3 1/2-1/2

[Event "Araraquara op 2nd"]
[Site "Araraquara"]
[Date "2024.02.10"]
[Round "1"]
[White "Santos, Abel Cardoso Dos"]
[Black "Pimenta, Heitor Castelar Bri"]
[Result "1/2-1/2"]
[WhiteElo "1842"]
[BlackElo "1800"]
[PlyCount "48"]
[EventDate "2024.02.10"]
[EventType "swiss"]
[EventRounds "7"]
[EventCountry "BRA"]
[SourceTitle "CBM 218 Extra"]
[Source "ChessBase"]
[SourceDate "2024.03.31"]
[SourceVersion "1"]
[SourceVersionDate "2024.03.31"]
[SourceQuality "1"]

1. e4 c5 2. Nf3 e6 3. d4 cxd4 4. Nxd4 Nc6 5. c4 Nf6 6. Nc3 Bb4 7. Nxc6 bxc6 8. Bd3 Qc7 9. 0-0 0-0 10. Bg5 Be7 11. Qe2 d6 12. f4 Re8 13. e5 Nd7 14. exd6 Bxd6 15. Ne4 Bf8 16. Kh1 f5 17. Nd2 Bb7 18. Nf3 c5 19. Qc2 h6 20. Bh4 g6 21. Bg3 Bg7 22. Rac1 Rab8 23. b3 Kh7 24. Ne5 Nf6 1/2-1/2